000
00304nam a2200121Ia 4500
008
231129s1947||||xx |||||||||||||| ||spa||
082
_a
OEM- 1694
100
_a
Maugham Somerset
245
0
_a
El archipiélago de las sirenas
260
_c
1947
264
_a
México: Constancia 1947
942
_2
ddc
_c
BKS
999
_c
10236
_d
10236